| 000 | 00897nam a2200265Ia 4500 | ||
|---|---|---|---|
| 003 | CO-BoRNBP | ||
| 005 | 20230314210058.0 | ||
| 007 | ta | ||
| 008 | 200115s9999 xx 000 0 und d | ||
| 022 | _a24220833 | ||
| 040 |
_aCO-BoRNBP _bspa _erda _cCO-BoRNBP |
||
| 041 | _aspa | ||
| 082 | 0 | 4 | _a342.0667 Q83c |
| 100 | 1 |
_aQuiróz Monsalve, Aroldo _9262 |
|
| 245 | 0 |
_aCartilla manual de litigio estratégico institucional en derecho público y privado / _c Aroldo Quiroz Monsalve |
|
| 250 | _aPrimera edición | ||
| 264 | 1 |
_aBogotá : _b Defensoría del Pueblo _c2019 |
|
| 300 |
_a119 páginas : _b ilustraciones, tablas, gráficas ; _c 24 cm |
||
| 336 |
_atexto _btxt _2rdacontent |
||
| 337 |
_asin mediación _bn _2rdamedia |
||
| 338 |
_avolumen _bnc _2rdacarrier |
||
| 500 | _aRecomendado para público adulto | ||
| 650 | 1 | 7 |
_a accion y defensa (derecho) colombia _2ARMARC _9263 |
| 942 |
_2ddc _cBK |
||
| 999 |
_c9236 _d9236 |
||